[Event "2006 Standard Chess Dropout Tournament, Round 1"]
[Site "SchemingMind.com"]
[Date "2005.11.21"]
[Round "1"]
[White "harsh"]
[Black "eHowitzer"]
[Result "0-1"]
[WhiteCountry "IND"]
[BlackCountry "CAN"]
[WhiteElo "1988"]
[WhiteRD "94"]
[BlackElo "2125"]
[BlackRD "72"]
[GameID "30979"]

1. e4 e5 2. Nf3 Nc6 3. Bb5 a6 4. Ba4 Nf6 5. O-O Nxe4 6. Re1 Nc5 7. Bxc6 dxc6 8. Nxe5 Be7 9. d4 Ne6 10. c3 O-O
11. Be3 c5 12. d5 f6 13. Nf3 Ng5 14. Nxg5 fxg5 15. c4 Bf5 16. Nc3 Bd6 17. f3 b6 18. Ne4 Bxe4 19. fxe4 Qf6 20. Qd2 Qe5
21. g3 Qxe4 22. b3 Qg4 23. Bxg5 Rf5 24. Be3 Raf8 25. Re2 b5 26. cxb5 axb5 27. Rf2 c4 28. Raf1 Bxg3 29. Rxf5 Bf2+ 30. Kxf2 Qxf5+
0-1

[Event "2006 Standard Chess Dropout Tournament, Round 1"]
[Site "SchemingMind.com"]
[Date "2005.11.21"]
[Round "1"]
[White "hobasileus"]
[Black "Gary"]
[Result "1-0"]
[WhiteCountry "NIR"]
[BlackCountry "ENG"]
[WhiteElo "1617"]
[WhiteRD "142"]
[BlackElo "1523"]
[BlackRD "64"]
[GameID "30980"]

1. d4 f5 2. g3 Nf6 3. Bg2 g6 4. c4 Bg7 5. Nc3 O-O 6. Nf3 e6 7. O-O Qe8 8. Re1 d5 9. Ne5 Nc6 10. cxd5 exd5
11. Nxd5 Nxd5 12. Bxd5+ Kh8 13. Bxc6 bxc6 14. Bf4 c5 15. e3 Bb7 16. Rc1 h6 17. Rxc5 g5 18. Rxc7 Bc8 19. Re7 Qd8 20. Ng6+ Kh7
21. Nxf8+ Qxf8 22. Bxg5 hxg5 23. Qh5+ Kg8 24. Re8
1-0

[Event "2006 Standard Chess Dropout Tournament, Round 1"]
[Site "SchemingMind.com"]
[Date "2005.11.21"]
[Round "1"]
[White "hph46"]
[Black "diego"]
[Result "1-0"]
[WhiteCountry "GER"]
[BlackCountry "ARG"]
[WhiteElo "1725"]
[WhiteRD "213"]
[BlackElo "1283"]
[BlackRD "98"]
[GameID "30981"]

1. e4 d6 2. d4 Nf6 3. Nc3 g6 4. f4 Bg4 5. Be2 Qd7 6. e5 dxe5 7. fxe5 Bxe2 8. Qxe2 Nd5 9. Nxd5 Qxd5 10. Nf3 Nc6
11. c4 Qa5+ 12. Bd2 Qb6 13. Bc3 O-O-O 14. c5 Qa6 15. Qxa6 bxa6 16. Ng5 Nxd4 17. Nxf7 Nc2+ 18. Ke2 Rd5 19. Rad1 Rxd1 20. Rxd1 Rg8
21. Rd8+ Kb7 22. Kd3 e6 23. Kxc2 Kc6 24. Kd3 Kxc5 25. Ng5 Kc6 26. Nxe6
1-0

[Event "2006 Standard Chess Dropout Tournament, Round 1"]
[Site "SchemingMind.com"]
[Date "2005.11.21"]
[Round "1"]
[White "Ilang"]
[Black "griffimv"]
[Result "1/2-1/2"]
[WhiteCountry "HUN"]
[BlackCountry "INT"]
[WhiteElo "2100"]
[WhiteRD "73"]
[BlackElo "1949"]
[BlackRD "117"]
[GameID "30982"]

1. e4 c5 2. c3 Nf6 3. e5 Nd5 4. Nf3 Nc6 5. d4 cxd4 6. cxd4 d6 7. Bc4 e6 8. O-O Be7 9. Qe2 O-O 10. Re1 a6
11. Qe4 Qc7 12. Bd2 Ndb4 13. exd6 Qxd6 14. a3 Nd5 15. Nc3 Rd8 16. Qd3 Nf6 17. Ne4 Nxe4 18. Rxe4 Bf6 19. Rd1 b5 20. Bb3 Bb7
21. Ng5 Bxg5 22. Bxg5 Ne7 23. Rg4 Rd7 24. h4 Bd5 25. Bf4 Qc6 26. Rc1 Qb7 27. Bc2 Nf5 28. Be5 Kf8 29. h5 f6 30. Bh2 Rad8
31. Qc3 Nh6 32. Rh4 Bxg2 33. Bxh7 Bh1 34. f3 Bxf3 35. Bc7 Ra8 36. Ba5 Qd5 37. Kf2 Qg5 38. Kxf3 Qxh4 39. Qc5+ Kf7 40. Bg6+ Kg8
41. Qc8+ Rd8 42. Qxe6+ Kh8 43. Bxd8 Rxd8 44. d5 Ng8 45. d6 f5 46. Bxf5 Qxh5+ 47. Bg4 Qh2 48. d7 Rf8+ 49. Bf5 Qh5+ 50. Kf4 Qh4+
51. Kf3 Qh5+ 52. Kf4 Qh4+=
1/2-1/2

[Event "2006 Standard Chess Dropout Tournament, Round 1"]
[Site "SchemingMind.com"]
[Date "2005.11.21"]
[Round "1"]
[White "ilardi"]
[Black "danielchess"]
[Result "0-1"]
[WhiteCountry "USA"]
[BlackCountry "ARG"]
[WhiteElo "1433"]
[WhiteRD "220"]
[BlackElo "2024"]
[BlackRD "105"]
[GameID "30983"]

1. e4 Nf6 2. Nc3 d5 3. e5 d4 4. Nce2 Ng4 5. d3 Nxe5 6. b3 c5 7. Bb2 Nbc6 8. c3 dxc3 9. Nxc3 Nb4 10. Be2 Bf5
11. a3 Nbxd3+ 12. Bxd3 Nxd3+ 13. Ke2 Qd4 14. Nf3 Qxf2#
0-1

[Event "2006 Standard Chess Dropout Tournament, Round 1"]
[Site "SchemingMind.com"]
[Date "2005.11.24"]
[Round "1"]
[White "inexorable"]
[Black "flamingarrow"]
[Result "1-0"]
[WhiteCountry "USA"]
[BlackCountry "GBR"]
[WhiteElo "2033"]
[WhiteRD "107"]
[BlackElo "1714"]
[BlackRD "79"]
[GameID "30984"]

1. e4 c5 2. Nf3 d6 3. d4 cxd4 4. Nxd4 Nf6 5. Nc3 a6 6. f4 Qc7 7. Nf3 Nc6 8. Bd3 e6 9. O-O Be7 10. Qe1 O-O
11. a3 b5 12. b4 Bb7 13. e5 Nd7 14. exd6 Qxd6 15. Ne4 Qc7 16. Bb2 Qd8 17. Neg5 h6 18. Nxe6 fxe6 19. Qxe6+ Kh8 20. Bxg7+
1-0

[Event "2006 Standard Chess Dropout Tournament, Round 1"]
[Site "SchemingMind.com"]
[Date "2005.11.21"]
[Round "1"]
[White "IvanXXIII"]
[Black "david gauci"]
[Result "1-0"]
[WhiteCountry "CRO"]
[BlackCountry "MLT"]
[WhiteElo "1887"]
[WhiteRD "113"]
[BlackElo "1105"]
[BlackRD "149"]
[GameID "30985"]

1. e4 e5 2. Nf3 Nc6 3. Bb5 Nd4 4. Nxd4 exd4 5. O-O c6 6. Bc4 b5 7. Bb3 Nf6 8. Qf3 Qc7 9. d3 Qe5 10. Re1 Bd6
11. g3 Bb4 12. Bf4 Qh5 13. Qxh5 Nxh5 14. Bd2 Bxd2 15. Nxd2 c5 16. a4 Ba6 17. axb5 Bxb5 18. Ra5 c4 19. Bxc4 Bxc4 20. Nxc4 Nf6
21. Nb6 Rd8 22. Rxa7 O-O 23. Rea1 Rfe8 24. Ra8 g6 25. Rxd8 Rxd8 26. Ra8 Rxa8 27. Nxa8 d5 28. e5 Nd7 29. Nc7 Nxe5 30. Nxd5 Nf3+
31. Kf1 Nxh2+ 32. Ke2 Kg7 33. b4 Ng4 34. b5 Ne5 35. b6 Nd7 36. b7 h5 37. Kf3 f5 38. Nb4 Ne5+ 39. Kf4 Nd7 40. Nc6 Kf6
41. b8=Q g5+ 42. Kf3 Nxb8 43. Nxb8 h4 44. gxh4 gxh4 45. Nc6 Kg5 46. Nxd4 h3 47. Kg3 f4+ 48. Kxh3 Kf6 49. Kg4 Ke5 50. Ne2 f3
51. Kxf3 Kd5 52. c4+ Kc5 53. Ke4 Kb4 54. f4 Kc5 55. f5 Kd6 56. d4 Kc6 57. f6 Kd7 58. c5 Ke6 59. c6 Kxf6 60. c7 Ke7
61. c8=Q Kf7 62. Qf5+ Ke7 63. d5 Kd6 64. Qe6+ Kc5 65. d6 Kc6 66. d7+ Kc5 67. d8=Q Kb4 68. Qb8+ Kc5 69. Qd5#
1-0

[Event "2006 Standard Chess Dropout Tournament, Round 1"]
[Site "SchemingMind.com"]
[Date "2005.11.21"]
[Round "1"]
[White "J Zhong"]
[Black "Gambiteer"]
[Result "1/2-1/2"]
[WhiteCountry "SGP"]
[BlackCountry "ENG"]
[WhiteElo "1653"]
[WhiteRD "286"]
[BlackElo "1871"]
[BlackRD "70"]
[GameID "30986"]

1. e4 e6 2. d4 d5 3. e5 c5 4. Nf3 cxd4 5. Nxd4 Nc6 6. c3 Nxe5 7. Bb5+ Bd7 8. a4 a6 9. Be2 Nf6 10. O-O Be7
11. f4 Nc6 12. Be3 O-O 13. Nd2 Qc7 14. Qe1 Rac8 15. Kh1 Rfe8 16. Qf2 Bd6 17. Bd3 e5 18. fxe5 Bxe5 19. Nf5 Ng4 20. Nh6+ Kh8
21. Qxf7 Nxh6 22. Bxh6 Be6 23. Qxc7 Bxc7 24. Be3 Bg4 25. Bf4 Be2 26. Bxe2 Bxf4 27. Bxa6 Bxd2 28. Bxb7 Rc7 29. Bxc6 Rxc6 30. Rad1 Rf6
31. Rxf6 gxf6 32. g3 Re2 33. a5 Bh6 34. b4 Bd2 35. a6 Bxc3 36. Rxd5 Ra2 37. b5 Ba5 38. Rd6 Bc7 39. Rxf6 Kg7 40. Re6= Kf7
41. Rh6 Kg7 42. Re6=
1/2-1/2

[Event "2006 Standard Chess Dropout Tournament, Round 1"]
[Site "SchemingMind.com"]
[Date "2005.11.21"]
[Round "1"]
[White "jdcald13"]
[Black "desmondw"]
[Result "1-0"]
[WhiteCountry "USA"]
[BlackCountry "IRL"]
[WhiteElo "1738"]
[WhiteRD "96"]
[BlackElo "1548"]
[BlackRD "138"]
[GameID "30987"]

1. d4 d5 2. Nf3 Nf6 3. Bg5 Nc6 4. Nbd2 Bf5 5. c3 e6 6. Nh4 Bd6 7. Nxf5 exf5 8. Qb3 b6 9. Bxf6 Qxf6 10. Qxd5 Ne7
11. Qxa8+
1-0

[Event "2006 Standard Chess Dropout Tournament, Round 1"]
[Site "SchemingMind.com"]
[Date "2005.11.21"]
[Round "1"]
[White "joeuno"]
[Black "fer_even"]
[Result "0-1"]
[WhiteCountry "USA"]
[BlackCountry "ARG"]
[WhiteElo "995"]
[WhiteRD "105"]
[BlackElo "2119"]
[BlackRD "90"]
[GameID "30988"]

1. e4 e5 2. Nf3 Nc6 3. b3 Bc5 4. g3 Nf6 5. Bh3 Nxe4 6. O-O Nxf2 7. Bb2 Nxd1+ 8. Bd4 Nxd4 9. Rxd1 Nxf3+ 10. Kg2 Qf6
11. Rf1 b6 12. Rxf3 Bb7 13. d4 Qxf3+ 14. Kg1 Bxd4#
0-1

[Event "2006 Standard Chess Dropout Tournament, Round 1"]
[Site "SchemingMind.com"]
[Date "2005.11.21"]
[Round "1"]
[White "johan"]
[Black "NimbleKnight"]
[Result "0-1"]
[WhiteCountry "FRA"]
[BlackCountry "USA"]
[WhiteElo "1307"]
[WhiteRD "141"]
[BlackElo "1946"]
[BlackRD "114"]
[GameID "30989"]

1. e4 e6 2. b3 b6 3. Bb2 Bb7 4. d3 d5 5. exd5 exd5 6. Qe2+ Qe7 7. Nc3 Nf6 8. O-O-O Qxe2 9. Bxe2 Nbd7 10. Nb5 Bd6
11. h4 O-O-O 12. Nxa7+ Kb8 13. Nb5 Bf4+ 14. Kb1 Rhe8 15. h5 c6 16. Nd4 Ka8 17. Rh4 Bb8 18. h6 g6 19. Ngf3 c5 20. Nb5 Rxe2
21. Ng5 Rxf2 22. g4 Re8 23. Nxf7 Ree2 24. g5 Ne8 25. Ra4+ Ba6 26. Rxa6+ Kb7 27. Ra4 Rxf7 28. Nc3 Re5 29. Nb5 Rxg5 30. d4 Nd6
31. Nc3 Nf6 32. dxc5 bxc5 33. Ne2 Nd7 34. Ba3 Ne4 35. c4 Nb6 36. Ra5 dxc4 37. bxc4 Nxc4 38. Rb5+ Nb6 39. Bc1 Rg2 40. Nf4 Nc3+
41. Ka1 Rxa2#
0-1

[Event "2006 Standard Chess Dropout Tournament, Round 1"]
[Site "SchemingMind.com"]
[Date "2005.11.21"]
[Round "1"]
[White "Sebastian Strauchler"]
[Black "mkefeli"]
[Result "1-0"]
[WhiteCountry "ARG"]
[BlackCountry "TUR"]
[WhiteElo "2005"]
[WhiteRD "80"]
[BlackElo "1867"]
[BlackRD "97"]
[GameID "30990"]

1. e4 e5 2. Nf3 Nc6 3. Bb5 a6 4. Ba4 Nf6 5. O-O Be7 6. Re1 b5 7. Bb3 O-O 8. c3 d6 9. h3 Na5 10. Bc2 c5
11. d4 Qc7 12. Nbd2 Re8 13. b4 Nc4 14. Nxc4 bxc4 15. d5 cxb4 16. cxb4 a5 17. b5 Nd7 18. Qe2 a4 19. Be3 Ra5 20. Rab1 Bb7
21. Rb4 Nb6 22. Bxb6 Qxb6 23. Bxa4 c3 24. Rc1 Rc8 25. Qe3 Qxe3 26. fxe3 f5 27. exf5 Bxd5 28. Bb3 Bxb3 29. Rxb3 Rxa2 30. Rcxc3 Rxc3
31. Rxc3 Rb2 32. Rc7 Kf8 33. Rb7 Re2 34. b6 Rxe3 35. Rc7 Bd8 36. Rc8 Ke7 37. b7 Bb6 38. b8=Q
1-0

[Event "2006 Standard Chess Dropout Tournament, Round 1"]
[Site "SchemingMind.com"]
[Date "2005.11.21"]
[Round "1"]
[White "JPT"]
[Black "markagodfrey"]
[Result "0-1"]
[WhiteCountry "INT"]
[BlackCountry "GBR"]
[WhiteElo "1765"]
[WhiteRD "71"]
[BlackElo "2139"]
[BlackRD "108"]
[GameID "30991"]

1. e4 e6 2. d4 d5 3. Nc3 Bb4 4. Ne2 dxe4 5. a3 Bxc3+ 6. Nxc3 Nc6 7. Bb5 Ne7 8. Nxe4 O-O 9. c3 Qd5 10. Bd3 e5
11. Ng5 Bf5 12. Be3 Qxg2 13. Kd2 exd4 14. cxd4 Nxd4 15. Kc3 Nd5+ 16. Kxd4 Nxe3 17. Rg1 Rad8+ 18. Kxe3 Rfe8+ 19. Kf4 Rd4+ 20. Kxf5 Qd5#
0-1

[Event "2006 Standard Chess Dropout Tournament, Round 1"]
[Site "SchemingMind.com"]
[Date "2005.11.21"]
[Round "1"]
[White "Julio Fuentes"]
[Black "norlavuaram"]
[Result "1-0"]
[WhiteCountry "CHI"]
[BlackCountry "PER"]
[WhiteElo "1821"]
[WhiteRD "91"]
[BlackElo "1818"]
[BlackRD "89"]
[GameID "30992"]

1. e4 e5 2. Nf3 Nc6 3. Bb5 a6 4. Bxc6 dxc6 5. O-O Bg4 6. h3 h5 7. d3 Qf6 8. Nbd2 Bd6 9. Nc4 Bxf3 10. Qxf3 Qxf3
11. gxf3 Ne7 12. f4 Ng6 13. fxe5 Nxe5 14. Nxd6+ cxd6 15. f4 Nd7 16. Kf2 O-O-O 17. f5 f6 18. Rg1 Rdg8 19. Bf4 Kc7 20. Rg3 Ne5
21. Rag1 Rh7 22. Bxe5 dxe5 23. Rg6 Kd6 24. Rxf6+ gxf6 25. Rxg8 Ke7 26. a4 Kd6 27. a5 Kc5 28. Rg6 Kb5 29. Rxf6 Kxa5 30. Re6 Kb4
31. Rxe5
1-0

[Event "2006 Standard Chess Dropout Tournament, Round 1"]
[Site "SchemingMind.com"]
[Date "2005.11.21"]
[Round "1"]
[White "KaliYuga"]
[Black "Michael Preier"]
[Result "1-0"]
[WhiteCountry "IRL"]
[BlackCountry "GER"]
[WhiteElo "1869"]
[WhiteRD "77"]
[BlackElo "1542"]
[BlackRD "127"]
[GameID "30993"]

1. d4 d5 2. Nf3 Nf6 3. c4 e6 4. Nc3 Bb4 5. Bg5 h6 6. Bh4 b6 7. Qa4+ Nc6 8. Qxc6+ Bd7 9. Qb7 a6 10. Bxf6 gxf6
11. cxd5 Rb8 12. Qxa6 b5 13. dxe6 fxe6 14. e4 Rb6 15. Qa7 Qc8 16. d5 exd5 17. exd5 O-O 18. O-O-O Bxc3 19. bxc3 Ra6 20. Qe3 Rxa2
21. Nh4 Bf5 22. Nxf5 Qxf5 23. Qe6+ Qxe6 24. dxe6 Re8 25. Bxb5 Rxe6 26. Bc4
1-0

[Event "2006 Standard Chess Dropout Tournament, Round 1"]
[Site "SchemingMind.com"]
[Date "2005.11.21"]
[Round "1"]
[White "Katarrov"]
[Black "loco61"]
[Result "1-0"]
[WhiteCountry "ESP"]
[BlackCountry "ENG"]
[WhiteElo "2001"]
[WhiteRD "122"]
[BlackElo "1551"]
[BlackRD "59"]
[GameID "30994"]

1. e4 e5 2. Nf3 Nc6 3. Bb5 d6 4. d4 Bd7 5. Nc3 a6 6. Bxc6 Bxc6 7. dxe5 dxe5 8. Qxd8+ Rxd8 9. Nxe5 Ne7 10. Bf4 Bd7
11. O-O-O f6 12. Nc4 Rc8 13. Bxc7 Nc6 14. Bd6 Rd8 15. Bxf8 Kxf8 16. Nd6 b5 17. Nb7 Ke7 18. Nd5+ Ke8 19. Nxd8 Kxd8 20. Nb6 Nb8
21. Nxd7 Nxd7 22. Rd6 Re8 23. Rhd1 Re7 24. Rxa6 Ke8 25. f3 Kf7 26. Ra5 b4 27. Rb5
1-0

[Event "2006 Standard Chess Dropout Tournament, Round 1"]
[Site "SchemingMind.com"]
[Date "2005.11.21"]
[Round "1"]
[White "keen"]
[Black "Miquel_Anguís"]
[Result "1-0"]
[WhiteCountry "SCO"]
[BlackCountry "ESP"]
[WhiteElo "1659"]
[WhiteRD "101"]
[BlackElo "1462"]
[BlackRD "114"]
[GameID "30995"]

1. b4 e5 2. Bb2 f6 3. e4 Bxb4 4. Bc4 Ne7 5. f4 d5 6. exd5 Ng6 7. fxe5 Nxe5 8. Bxe5 fxe5 9. Qh5+ g6 10. Qxe5+ Qe7
11. Nf3 Qxe5+ 12. Nxe5 Rf8 13. Bb5+ Nd7 14. Rf1 Rxf1+ 15. Kxf1 a6 16. Nxd7 Bxd7 17. Bxd7+ Kxd7 18. a4 Rf8+ 19. Ke2 Bc5 20. Kd3 Rf2
21. Nc3 Rxg2 22. Ne4 Bd6 23. h3 Rh2 24. Ng5 h6 25. Nh7 Rxh3+ 26. Kc4 Rh4+ 27. Kd3 Rf4 28. Rh1 Rf3+ 29. Kc4 Rf4+ 30. d4 h5
31. Rg1 Rf7 32. Ng5 Rf2 33. Kd3 Be7 34. Ne4 Rf3+ 35. Kc4 Re3 36. Nc3 g5 37. Rf1 b5+ 38. axb5 a5 39. Rg1 Bb4 40. Na4 Ra3
41. Nc5+ Kd6 42. Ne4+ Kd7 43. Rxg5 Re3 44. Nc5+ Ke7 45. Nd3 Bd6 46. Rxh5 a4 47. Rh1 Re2 48. Re1 Rxe1 49. Nxe1 a3 50. Kb3 Bb4
51. c3 a2 52. Nc2 Ba5 53. c4 Kd6 54. Kxa2 Bb6 55. Kb3 Ba7 56. Kb4 Bb6 57. c5+ Bxc5+ 58. dxc5+ Kxd5 59. Ne3+ Ke6 60. b6 cxb6
61. cxb6 Kd7 62. Kb5 Kd6 63. Ka6
1-0

[Event "2006 Standard Chess Dropout Tournament, Round 1"]
[Site "SchemingMind.com"]
[Date "2005.11.21"]
[Round "1"]
[White "Kid A"]
[Black "Juan Jose Rivas Maceda"]
[Result "0-1"]
[WhiteCountry "FIN"]
[BlackCountry "PER"]
[WhiteElo "1799"]
[WhiteRD "71"]
[BlackElo "2001"]
[BlackRD "121"]
[GameID "30996"]

1. e4 e5 2. Nf3 Nc6 3. d4 exd4 4. Nxd4 Bc5 5. Be3 Qf6 6. c3 Nge7 7. Bc4 Ne5 8. Nd2 d6 9. Qb3 O-O 10. O-O Qg6
11. g3 a5 12. a4 Rb8 13. Be2 Bg4 14. f3 Bh3 15. Rfe1 Be6 16. Qd1 c6 17. Nc2 Rbd8 18. b4 Bxe3+ 19. Nxe3 axb4 20. cxb4 Nd7=
21. Ndc4 Bxc4 22. Nxc4 d5 23. exd5 Nxd5 24. Qb3 Rfe8 25. Bd3 Qf6 26. Be4 Nc3 27. Ne5 Rxe5 28. Qxc3 Rxe4 29. Qxf6 Rxe1+ 30. Rxe1 Nxf6
31. Re7 Rd7
0-1

[Event "2006 Standard Chess Dropout Tournament, Round 1"]
[Site "SchemingMind.com"]
[Date "2005.11.22"]
[Round "1"]
[White "KJB Esquire"]
[Black "Julio Fuentes"]
[Result "0-1"]
[WhiteCountry "USA"]
[BlackCountry "CHI"]
[WhiteElo "1812"]
[WhiteRD "112"]
[BlackElo "1720"]
[BlackRD "105"]
[GameID "30997"]

1. e4 d5 2. exd5 Qxd5 3. Nc3 Qa5 4. d4 Nf6 5. Bc4 Bf5 6. Bd2 c6 7. Nd5 Qd8 8. Nxf6+ gxf6 9. Nf3 Rg8 10. c3 e6
11. Qe2 Nd7 12. O-O Bg4 13. Bf4 Qa5 14. Qe3 Nb6 15. Be2 Nd5 16. Qd2 Nxf4 17. Qxf4 Qh5 18. Qg3 Rg7 19. Rae1 O-O-O 20. Qf4 Bd6
21. Qxf6 Rg6 22. Qh4 Bxf3 23. Qxh5 Rxg2+
0-1

[Event "2006 Standard Chess Dropout Tournament, Round 1"]
[Site "SchemingMind.com"]
[Date "2005.11.22"]
[Round "1"]
[White "langhab"]
[Black "JPT"]
[Result "0-1"]
[WhiteCountry "PHI"]
[BlackCountry "INT"]
[WhiteElo "1681"]
[WhiteRD "67"]
[BlackElo "1780"]
[BlackRD "78"]
[GameID "30998"]

1. d4 f5 2. c4 Nf6 3. Bg5 e6 4. a3 g6 5. Nc3 Bg7 6. e4 fxe4 7. Nxe4 O-O 8. Nf3 d5 9. Ng3 c6 10. Ne5 Nbd7
11. Be2 Qb6 12. c5 Qc7 13. Bxf6 Bxf6 14. f4 b6 15. b4 Nxe5 16. fxe5 Bxe5 17. dxe5 Qxe5 18. Rf1 Qc3+ 19. Qd2 Qxa1+
0-1

[Event "2006 Standard Chess Dropout Tournament, Round 1"]
[Site "SchemingMind.com"]
[Date "2005.11.21"]
[Round "1"]
[White "John Elburg"]
[Black "Mouse"]
[Result "1-0"]
[WhiteCountry "NED"]
[BlackCountry "INT"]
[WhiteElo "2098"]
[WhiteRD "97"]
[BlackElo "1225"]
[BlackRD "101"]
[GameID "30999"]

1. e4 e5 2. Nf3 Nf6 3. Nxe5 Rg8 4. Bc4 d5 5. exd5 Nxd5 6. O-O c6 7. Nc3 Nxc3 8. Bxf7+ Ke7 9. Qh5 Rh8 10. Qg5+ Kd6
11. Qxd8+ Kxe5 12. d4+ Ke4 13. Qh4+ Kf5 14. Qf4#
1-0

[Event "2006 Standard Chess Dropout Tournament, Round 1"]
[Site "SchemingMind.com"]
[Date "2005.11.21"]
[Round "1"]
[White "latvija"]
[Black "johan"]
[Result "1-0"]
[WhiteCountry "USA"]
[BlackCountry "FRA"]
[WhiteElo "2073"]
[WhiteRD "109"]
[BlackElo "1307"]
[BlackRD "141"]
[GameID "31000"]

1. e4 e5 2. Nf3 Nc6 3. d4 f6 4. dxe5 fxe5 5. Bb5 Nb4 6. O-O a6 7. Ba4 b5 8. Bb3 Nf6 9. a3 Nc6 10. Ng5 h6
11. Nf7 Qe7 12. Nxh8 Nxe4 13. Qh5+ Kd8 14. Nf7+ Ke8 15. Nxe5+ Kd8 16. Nf7+ Ke8 17. Re1 d6 18. Ne5+ Kd8 19. Nxc6+
1-0

[Event "2006 Standard Chess Dropout Tournament, Round 1"]
[Site "SchemingMind.com"]
[Date "2005.11.21"]
[Round "1"]
[White "lea_dc"]
[Black "neoliminal"]
[Result "1-0"]
[WhiteCountry "ARG"]
[BlackCountry "CRC"]
[WhiteElo "1697"]
[WhiteRD "93"]
[BlackElo "1291"]
[BlackRD "93"]
[GameID "31001"]

1. e4 e6 2. d4 Nf6 3. Bd3 d6 4. f4 h5 5. Nf3 c6 6. O-O Na6 7. c4 Ng4 8. Nc3 Nb4 9. Be2 h4 10. h3 e5
11. hxg4 Bxg4 12. fxe5 Bxf3 13. Bxf3 h3 14. gxh3 Qh4 15. Bg2 O-O-O 16. exd6 Rxd6 17. Qg4+ Qxg4 18. hxg4 g5 19. Rxf7 Nd3 20. Bxg5 Rg6
21. Be3 Kd8 22. Raf1 Ke8 23. d5 Rxg4 24. Bxa7 Bd6 25. R1f3 Ne5 26. R3f4 Rxf4 27. Rxf4 Nd3 28. Rf5 Nxb2 29. Bd4 Rh7 30. e5 c5
31. Bf2 Nxc4 32. exd6 Nxd6 33. Re5+ Kd7 34. Bxc5 Nc4 35. Re1 b6 36. Bb4
1-0

[Event "2006 Standard Chess Dropout Tournament, Round 1"]
[Site "SchemingMind.com"]
[Date "2005.11.21"]
[Round "1"]
[White "lemme howdt"]
[Black "Ogopogoman"]
[Result "1-0"]
[WhiteCountry "USA"]
[BlackCountry "USA"]
[WhiteElo "1451"]
[WhiteRD "103"]
[BlackElo "1486"]
[BlackRD "103"]
[GameID "31002"]

1. e4 e5 2. Nf3 Nc6 3. Bc4 Nf6 4. Ng5 d5 5. exd5 Na5 6. Bb5+ c6 7. dxc6 bxc6 8. Be2 h6 9. Nf3 e4 10. Ne5 Bc5
11. a3 Qd4 12. O-O Qxe5 13. d4 Bxd4 14. c3 Bb6 15. b4 Nb7 16. Ra2 O-O 17. c4 Rd8 18. Rd2 Bf5 19. Rxd8+ Rxd8 20. Qb3 Ng4
21. g3 e3 22. Bxg4 exf2+ 23. Kg2 Bxg4 24. c5 Nxc5 25. bxc5 Bxc5 26. Rxf2 Bxf2 27. Kxf2
1-0

[Event "2006 Standard Chess Dropout Tournament, Round 1"]
[Site "SchemingMind.com"]
[Date "2005.11.21"]
[Round "1"]
[White "leopasta"]
[Black "paddyBosnian"]
[Result "0-1"]
[WhiteCountry "BRA"]
[BlackCountry "BIH"]
[WhiteElo "1505"]
[WhiteRD "176"]
[BlackElo "1823"]
[BlackRD "77"]
[GameID "31003"]

1. e4 c6 2. d4 d5 3. Nc3 dxe4 4. Nxe4 Bf5 5. Ng3 Bg6 6. h4 h6 7. Nf3 Nd7 8. h5 Bh7 9. Bd3 Bxd3 10. Qxd3 Qc7
11. Rh4 O-O-O 12. Bf4 e5 13. Nxe5 Nxe5 14. Qf5+ Rd7 15. Bxe5 Bd6 16. O-O-O Ne7 17. Qxf7 Bxe5 18. dxe5 Rxd1+ 19. Kxd1 Rd8+ 20. Kc1 Qxe5
21. Re4 Qg5+ 22. Qf4 Qd5 23. Qg4+ Kb8 24. b3 Qd2+ 25. Kb2 Nd5 26. Qxg7 Qxf2 27. Qe5+ Ka8 28. Nf5 Qxg2 29. Nxh6 Qd2 30. Nf5 a5
31. h6 b6 32. h7 Nb4 33. Re2 Nd3+ 34. Ka3 Qb4#
0-1

[Event "2006 Standard Chess Dropout Tournament, Round 1"]
[Site "SchemingMind.com"]
[Date "2005.11.21"]
[Round "1"]
[White "loco61"]
[Black "langhab"]
[Result "0-1"]
[WhiteCountry "ENG"]
[BlackCountry "PHI"]
[WhiteElo "1551"]
[WhiteRD "59"]
[BlackElo "1681"]
[BlackRD "67"]
[GameID "31004"]

1. e4 c5 2. Nf3 Nc6 3. c3 d6 4. Bc4 e6 5. O-O a6 6. d3 b5 7. Bb3 h6 8. Be3 Nf6 9. Nbd2 Be7 10. Qe2 e5
11. c4 b4 12. Ba4 Bd7 13. a3 a5 14. b3 O-O 15. Ra2 Nd4 16. Bxd4 Bxa4 17. Be3 Bd7 18. h3 Be6 19. Rfa1 Bd7 20. a4 Be6
21. Nf1 Qd7 22. Ng3 Nh7 23. Kf1 f5 24. exf5 Bxf5 25. Nxf5 Qxf5 26. Ke1 Ra7 27. Kd2 Bf6 28. g4 Qe6 29. Rg1 e4 30. dxe4 Qxe4
31. Ne1 Qb1 32. Rc2 Qxb3 33. Nd3 Re7 34. Rgc1 Qxa4 35. Ke1 Qc6 36. Nf4 Bc3+ 37. Rxc3 bxc3 38. Nd3 Qh1+ 39. Qf1 Rxe3+ 40. fxe3 Qxf1#
0-1

[Event "2006 Standard Chess Dropout Tournament, Round 1"]
[Site "SchemingMind.com"]
[Date "2005.11.21"]
[Round "1"]
[White "Loverman"]
[Black "Sebastian Strauchler"]
[Result "0-1"]
[WhiteCountry "BEL"]
[BlackCountry "ARG"]
[WhiteElo "1441"]
[WhiteRD "201"]
[BlackElo "2000"]
[BlackRD "86"]
[GameID "31005"]

1. e4 c5 2. Nf3 Nc6 3. Bb5 g6 4. O-O Bg7 5. Nc3 Nd4 6. d3 Nxb5 7. Nxb5 a6 8. Nc3 b5 9. Bg5 Bb7 10. Qe2 b4
11. Na4 Qa5 12. b3 Bxa1 13. Rxa1 f6 14. Bd2 e6 15. Qe3 Rc8
0-1

[Event "2006 Standard Chess Dropout Tournament, Round 1"]
[Site "SchemingMind.com"]
[Date "2005.11.24"]
[Round "1"]
[White "lumilinna"]
[Black "KaliYuga"]
[Result "0-1"]
[WhiteCountry "FIN"]
[BlackCountry "IRL"]
[WhiteElo "1784"]
[WhiteRD "69"]
[BlackElo "1869"]
[BlackRD "77"]
[GameID "31006"]

1. d4 Nf6 2. c4 g6 3. Nc3 d5 4. Nf3 Bg7 5. Qb3 dxc4 6. Qxc4 O-O 7. e4 Nc6 8. Be2 Nd7 9. d5 Nb6 10. Qb3 Ne5
11. Nxe5 Bxe5 12. f4 Bg7 13. Be3 e6 14. O-O-O Bxc3 15. bxc3 exd5 16. Bxb6 axb6 17. Rxd5 Qf6 18. f5 Qg5+ 19. Rd2 Qxg2 20. Rhd1 Qxe4
21. fxg6 hxg6 22. Bd3 Qa4
0-1

[Event "2006 Standard Chess Dropout Tournament, Round 1"]
[Site "SchemingMind.com"]
[Date "2005.11.21"]
[Round "1"]
[White "markagodfrey"]
[Black "Masticore99"]
[Result "1-0"]
[WhiteCountry "GBR"]
[BlackCountry "USA"]
[WhiteElo "2139"]
[WhiteRD "108"]
[BlackElo "1528"]
[BlackRD "79"]
[GameID "31007"]

1. e4 e5 2. Nf3 Nc6 3. Bc4 Bc5 4. b4 Bxb4 5. c3 Ba5 6. d4 exd4 7. Qb3 Qe7 8. Ba3 Qxe4+ 9. Kd1 Qf4 10. Re1+ Nge7
11. Bxe7 Nxe7 12. Qa3 O-O 13. Qxa5 b6 14. Qe5 Nc6 15. Qxf4
1-0

[Event "2006 Standard Chess Dropout Tournament, Round 1"]
[Site "SchemingMind.com"]
[Date "2005.11.24"]
[Round "1"]
[White "Juan Jose Rivas Maceda"]
[Black "niallmcg"]
[Result "1-0"]
[WhiteCountry "PER"]
[BlackCountry "IRL"]
[WhiteElo "1987"]
[WhiteRD "129"]
[BlackElo "1163"]
[BlackRD "115"]
[GameID "31010"]

1. e4 Nc6 2. d4 e6 3. Nf3 Bd6 4. c4 b6 5. Nc3 Ba6 6. Be3 Nf6 7. e5 Nh5 8. exd6 cxd6 9. d5 Nb4 10. a3 Nxd5
11. cxd5 Nf6 12. Bxa6 O-O 13. O-O e5 14. Bg5 h6 15. Bxf6 Qxf6 16. Ne4 Qf5 17. Re1 g5 18. Bd3 Rac8 19. Nexg5 Qf6 20. Ne4 Qf5
21. Nxd6 Qf6 22. Nxc8 Rxc8 23. Nxe5 Rc7 24. Qg4+ Kh8 25. Nxd7 Qd8 26. Nf6
1-0